Standard Handbook of Machine Design

Gespeichert in:
Bibliographische Detailangaben
Hauptverfasser: Shigley, Joseph Edward (Verfasst von), Mischke, Charles R. (Verfasst von)
Format: Buch
Veröffentlicht: New York : McGraw-Hill, 1996
Ausgabe:2. Edition
Tags: Tag hinzufügen
Keine Tags, Fügen Sie das erste Tag hinzu!

MARC

LEADER 00000nam a22000003a 4500
001 stu73443
005 20200824125013.5
008 020129s1996----xxu---------------------d
020 |a 0-07-056958-4 
040 |a STU  |b slo 
044 |a xxu 
080 |a 621.8 
100 1 |a Shigley, Joseph Edward  |4 aut 
245 1 |a Standard Handbook of Machine Design 
250 |a 2. Edition 
260 |a New York :  |b McGraw-Hill,  |c 1996 
300 |a neuvedené 
700 1 |a Mischke, Charles R.  |4 aut 
996 |b 284J005821  |c J*98883  |l JJST  |s P  |a 0  |w stu73443_0001